000 00497nam a2200193Ia 4500
008 131103s9999 xx 000 0 und d
020 _a330022962
040 _aLoreto College
041 _aEnglish
082 _aF/CRE
_bLCLIB/23284
100 _aCreasey,John
245 4 _aThe case of the innocent victims
_cJohn Creasey
250 _aUnabridged
260 _aLondon
_bPan Books Ltd.
_c1960
300 _a190 p.
_c 17 cm.
650 _aFiction in English
850 _aLCLIB
942 _cBK
999 _c15509
_d65988